00000000nas 2200000zi 4500
0019.909987
003CaOODSP
00520250402111454
006m     o  d f      
007cr cn ||||||||
008220407c20219999oncgr p oc   f0   a0eng|d
022 |a2816-4458
040 |aCaOODSP|beng|erda|cCaOODSP
0410 |aeng|afre
043 |an-cnm--|an-cn-nf
0861 |aFs72-39/1-PDF
222 0|aCanadian paper chart catalogue. Volume 1, Atlantic Coast
24500|aCanadian paper chart catalogue. |nVolume 1, |pAtlantic Coast = |bCatalogue des cartes papier du Canada. |nVolume 1, |pCôte Atlantique.
24631|aCatalogue des cartes papier du Canada. |nVolume 1, |pCôte Atlantique
264 1|a[Ottawa] : |bCanadian Hydrographic Service, Fisheries and Oceans Canada = Service hydrographique du Canada, Pêches et océans Canada, |c[2022]-
310 |aBiennial
336 |atext|btxt|2rdacontent
337 |acomputer|bc|2rdamedia
338 |aonline resource|bcr|2rdacarrier
3621 |aBegan with: 2021/09.
546 |aText in English and French.
588 |aDescription based on: 2021/09; title from PDF cover page.
588 |aLatest issue consulted: 2025/01.
650 0|aNautical charts|zAtlantic Coast (Canada)|vPeriodicals.
655 7|aPeriodicals|2lcgft
7102 |aCanadian Hydrographic Service, |eissuing body.
78000|tCatalogue. |w(CaOODSP)9.836309
788 |tCanadian paper chart catalogue. |efre|w(CaOODSP)9.909986